<?xml version="1.0" encoding="UTF-8"?>
<record
    xmlns:xsi="http://www.w3.org/2001/XMLSchema-instance"
    xsi:schemaLocation="http://www.loc.gov/MARC21/slim http://www.loc.gov/standards/marcxml/schema/MARC21slim.xsd"
    xmlns="http://www.loc.gov/MARC21/slim">

  <leader>01276nam a2200277Ia 4500</leader>
  <controlfield tag="005">20231102151639.0</controlfield>
  <controlfield tag="008">120625s    2002mx d          000 0 s   d</controlfield>
  <datafield tag="020" ind1=" " ind2=" ">
    <subfield code="a">968-24-6645-8</subfield>
  </datafield>
  <datafield tag="040" ind1=" " ind2=" ">
    <subfield code="e">RDA</subfield>
  </datafield>
  <datafield tag="050" ind1="1" ind2="4">
    <subfield code="a">HB71 C37 2002</subfield>
  </datafield>
  <datafield tag="100" ind1="1" ind2="0">
    <subfield code="9">3327</subfield>
    <subfield code="a">C&#xE1;rdenas Vidaurri, Jos&#xE9; Honorio</subfield>
    <subfield code="e">autor</subfield>
  </datafield>
  <datafield tag="245" ind1="1" ind2="0">
    <subfield code="a">Fundamentos de Econom&#xED;a</subfield>
    <subfield code="c"> / Jos&#xE9; Honorio Cardenas Vidaurri</subfield>
  </datafield>
  <datafield tag="260" ind1=" " ind2=" ">
    <subfield code="a">M&#xE9;xico </subfield>
    <subfield code="b"> : Trillas</subfield>
    <subfield code="c">,2002</subfield>
  </datafield>
  <datafield tag="300" ind1=" " ind2=" ">
    <subfield code="a">156 p&#xE1;ginas</subfield>
  </datafield>
  <datafield tag="337" ind1=" " ind2=" ">
    <subfield code="a">Texto</subfield>
  </datafield>
  <datafield tag="338" ind1=" " ind2=" ">
    <subfield code="a">Sin medio</subfield>
  </datafield>
  <datafield tag="500" ind1=" " ind2=" ">
    <subfield code="a">Bibliograf&#xED;a, &#xED;ndice onom&#xE1;stico y anal&#xED;tico</subfield>
  </datafield>
  <datafield tag="500" ind1=" " ind2=" ">
    <subfield code="a">Educaci&#xF3;n Mixta / Lic. en Administraci&#xF3;n / B03-1 / 14 004649</subfield>
  </datafield>
  <datafield tag="505" ind1=" " ind2=" ">
    <subfield code="a">La formaci&#xF3;n del mundo contempor&#xE1;neo 
Conceptos generales 
Los bienes 
La actividad econ&#xF3;mica 
El valor de los bienes 
Los flujos de la econom&#xED;a 
Los bancos y las finanzas 
El ahorro 
La oferta y la demanda 
La inflaci&#xF3;n 
El mercado 
La demanda agregada 
La globalizaci&#xF3;n 
An&#xE1;lisis de la Econom&#xED;a en M&#xE9;xico </subfield>
  </datafield>
  <datafield tag="505" ind1=" " ind2=" ">
    <subfield code="a"> Contiene bibliograf&#xED;a, &#xED;ndice onom&#xE1;stico y anal&#xED;tico </subfield>
  </datafield>
  <datafield tag="519" ind1=" " ind2=" ">
    <subfield code="a">Educaci&#xF3;n Mixta</subfield>
    <subfield code="b">Licenciatura en Administraci&#xF3;n</subfield>
    <subfield code="d">14 006364</subfield>
  </datafield>
  <datafield tag="650" ind1="1" ind2="0">
    <subfield code="a">ECONOM&#xCD;A</subfield>
    <subfield code="9">48</subfield>
  </datafield>
  <datafield tag="650" ind1="2" ind2="0">
    <subfield code="a">ECONOM&#xCD;A </subfield>
    <subfield code="v">ESTUDIO Y ENSE&#xD1;ANZA</subfield>
    <subfield code="9">39448</subfield>
  </datafield>
  <datafield tag="700" ind1="1" ind2="0">
    <subfield code="a">CASIMIRO ZACAR&#xCD;AS, Israel </subfield>
    <subfield code="e">coautor</subfield>
    <subfield code="9">39449</subfield>
  </datafield>
  <datafield tag="942" ind1=" " ind2=" ">
    <subfield code="c">LB</subfield>
    <subfield code="2">lcc</subfield>
  </datafield>
  <datafield tag="952" ind1=" " ind2=" ">
    <subfield code="0">0</subfield>
    <subfield code="1">0</subfield>
    <subfield code="2">lcc</subfield>
    <subfield code="4">0</subfield>
    <subfield code="7">0</subfield>
    <subfield code="a">14</subfield>
    <subfield code="b">14</subfield>
    <subfield code="d">2013-06-17</subfield>
    <subfield code="l">0</subfield>
    <subfield code="o">HB71 C37 2002</subfield>
    <subfield code="p">14 004649</subfield>
    <subfield code="r">2019-09-26</subfield>
    <subfield code="t">1</subfield>
    <subfield code="w">2014-02-27</subfield>
    <subfield code="y">LB</subfield>
  </datafield>
  <datafield tag="952" ind1=" " ind2=" ">
    <subfield code="0">0</subfield>
    <subfield code="1">0</subfield>
    <subfield code="2">lcc</subfield>
    <subfield code="4">0</subfield>
    <subfield code="7">0</subfield>
    <subfield code="a">14</subfield>
    <subfield code="b">14</subfield>
    <subfield code="d">2016-05-19</subfield>
    <subfield code="l">4</subfield>
    <subfield code="m">1</subfield>
    <subfield code="o">HB71 C37 2002</subfield>
    <subfield code="p">14 006364</subfield>
    <subfield code="r">2019-08-28</subfield>
    <subfield code="s">2019-08-27</subfield>
    <subfield code="t">1</subfield>
    <subfield code="w">2016-06-07</subfield>
    <subfield code="y">LB</subfield>
  </datafield>
  <datafield tag="999" ind1=" " ind2=" ">
    <subfield code="c">92109</subfield>
    <subfield code="d">92109</subfield>
  </datafield>
</record>
